|
|
|
|
| LEADER |
01126nam a2200277 a 4500 |
| 001 |
1791658 |
| 008 |
091012s1979 mau b 001 0 eng d |
| 010 |
|
|
|a 78011839
|
| 020 |
|
|
|a 0674605330
|
| 040 |
|
|
|a DLC
|c DLC
|d DLC
|
| 082 |
0 |
0 |
|a 339.4/6
|2 18
|
| 100 |
1 |
|
|a Galbraith, John Kenneth,
|d 1908-2006.
|
| 245 |
1 |
4 |
|a The nature of mass poverty /
|c John Kenneth Galbraith.
|
| 260 |
|
|
|a Cambridge, Mass. :
|b Harvard University Press,
|c 1979.
|
| 300 |
|
|
|a viii, 150 p. ;
|c 22 cm.
|
| 500 |
|
|
|a Cover title.
|
| 500 |
|
|
|a Originally given as lectures at the Graduate Institute of International Studies, University of Geneva and at the Radcliffe Institute.
|
| 504 |
|
|
|a Includes bibliographical references and index.
|
| 541 |
1 |
|
|e 00000563
|
| 650 |
|
0 |
|a Poverty.
|
| 650 |
|
0 |
|a Poor
|z Developing countries.
|
| 650 |
|
0 |
|a Rural poor.
|
| 651 |
|
0 |
|a Developing countries
|x Rural conditions.
|
| 852 |
4 |
|
|a Ayesha Abed Library
|j General Shelf.
|
| 999 |
|
|
|c 4526
|d 4526
|
| 952 |
|
|
|0 0
|1 0
|2 ddc
|4 0
|6 339_460000000000000_GAL_1979
|7 0
|9 4259
|a BRACUL
|b BRACUL
|c GEN
|d 2009-10-12
|g 846.00
|l 2
|m 7
|o 339.46 GAL
|p 3010000563
|r 2020-01-21
|s 2019-03-11
|t 1
|w 2009-10-12
|y BK
|